Political theory and modernity / (Record no. 2899)

000 -LEADER
fixed length control field 00810cam a2200265 a 4500
001 - CONTROL NUMBER
control field 2421048
003 - CONTROL NUMBER IDENTIFIER
control field OSt
005 - DATE AND TIME OF LATEST TRANSACTION
control field 20160823153003.0
008 - FIXED-LENGTH DATA ELEMENTS--GENERAL INFORMATION
fixed length control field 870527s1988 enk b 001 0 eng
010 ## - LIBRARY OF CONGRESS CONTROL NUMBER
LC control number 87007151
020 ## - INTERNATIONAL STANDARD BOOK NUMBER
International Standard Book Number 0631158057 :
Terms of availability $29.95 (U.S.)
040 ## - CATALOGING SOURCE
Original cataloging agency DLC
Transcribing agency DLC
Modifying agency DLC
050 00 - LIBRARY OF CONGRESS CALL NUMBER
Classification number JA83.C636 1988
082 00 - DEWEY DECIMAL CLASSIFICATION NUMBER
Classification number 320/.01
Edition number 19
100 1# - MAIN ENTRY--PERSONAL NAME
Personal name Connolly, William E.
245 10 - TITLE STATEMENT
Title Political theory and modernity /
Statement of responsibility, etc William E. Connolly.
260 ## - PUBLICATION, DISTRIBUTION, ETC. (IMPRINT)
Place of publication, distribution, etc Oxford, UK ;
-- New York, NY, USA :
Name of publisher, distributor, etc B. Blackwell,
Date of publication, distribution, etc 1988.
300 ## - PHYSICAL DESCRIPTION
Extent xi, 196 p. ;
Dimensions 24 cm.
500 ## - GENERAL NOTE
General note Spine title: Political theory & modernity.
500 ## - GENERAL NOTE
General note Includes index.
504 ## - BIBLIOGRAPHY, ETC. NOTE
Bibliography, etc Bibliography: p. [183]-189.
650 #0 - SUBJECT ADDED ENTRY--TOPICAL TERM
Topical term or geographic name as entry element Political science
General subdivision History.
906 ## - LOCAL DATA ELEMENT F, LDF (RLIN)
a 7
b cbc
c orignew
d 1
e ocip
f 19
g y-gencatlg
942 ## - ADDED ENTRY ELEMENTS (KOHA)
Source of classification or shelving scheme
Koha item type Book
Holdings
Withdrawn status Lost status Source of classification or shelving scheme Damaged status Not for loan Home library Current library Shelving location Date acquired Total Checkouts Full call number Barcode Date last seen Date checked out Copy number Price effective from Koha item type
          Riara University Library Riara University Library General stack 23/08/2016 7 JA83.C636 1988 7157/16 28/03/2025 17/03/2025 C.1 23/08/2016 Book

Riara University Library,
P.O. Box 49940-00100,
Nairobi, Kenya.